000 00599nam a22001817a 4500
003 UA-OsUOA
001 15634
007 ta
008 20031130b un ||||| |||| 00| 0 ukr d
100 _aМолчанович О.
942 _cSA
040 _aUA-OsUOA
_cUA-OsUOA
_dUA-OsUOA
245 _aПласт - національна скаутська організація України
_b[Про Рівнен. станицю Пласту]
300 _aС.2
955 _a0
773 0 _w0
_tРушійна сила
_dРівне
_d2003
_g№4/груд./
650 7 _aКраєзнавча робота
_2UDC
999 _c301799
_d301799